From Ottomanism Toarabism (Record no. 9469)

MARC details
000 -LEADER
fixed length control field 00622nam a2200253 a 4500
020 ## - INTERNATIONAL STANDARD BOOK NUMBER
ISBN 0252024
082 00 - DEWEY DECIMAL CLASSIFICATION NUMBER
Classification number 953.03
Author Cutter DAW
100 ## - MAIN ENTRY--AUTHOR NAME
Author name Dawn, C Ernest
245 ## - TITLE STATEMENT
Title From Ottomanism Toarabism
260 ## - PUBLICATION, DISTRIBUTION, ETC. (IMPRINT)
Place of publication America
Name of publisher University of Illinois Press
Year of publication 1973
300 ## - PHYSICAL DESCRIPTION
Number of Pages 206p
500 ## - GENERAL NOTE
General note includes index and biblioraphy
505 2# - FORMATTED CONTENTS NOTE
Formatted contents note Index
650 ## - SUBJECT ADDED ENTRY--TOPICAL TERM
Topical Term History-Arab
650 ## - SUBJECT ADDED ENTRY--TOPICAL TERM
Topical Term Ottoman Empire
942 ## - ADDED ENTRY ELEMENTS (KOHA)
Koha item type Books
700 1# -
-- Dawn, C Ernest
Holdings
Collection code Home library Current library Date acquired Cost, normal purchase price Full call number Accession Number Koha item type
  Henry Martyn Institute Library Henry Martyn Institute Library 04/02/2007 720.00 953.03 DAW 016748 Books
                   Copyright © 2026 | Henry Martyn Institute | Hyderabad | TS-500052 | INDIA | Implemented by hmi.edu.in
Hit-Count:

Powered by Koha